000 01122nam a2200277Ia 4500
003 OSt
005 20220923211311.0
006 a|||||r|||| 00| 0
007 ta
008 220922b |||||||| |||| 00| 0 hin d
020 _a9788179756430 (hbk)
_c250
024 _a354,712
037 _bIN275, 30/12/2021, Anamika Publishers & Distributor Pvt. Ltd.
_cTextual
040 _aARTS
_cARTS
_bhin
041 _2hin
_ahin
082 _aO152,2N01,DN, Q5
100 _aबेनीपुरी, रामवृक्ष, ले.
_9160197
245 0 _aदो नाटक नेत्रदान, विजेता
246 _aDo nāṭak netradāna, vijetā
260 _aनई दिल्ली
_b अनामिका पब्लिशर्स
_c2015
300 _a111पृ.
_ccm.
650 _a हिन्दी नाटक
650 _aहिन्दी साहित्य
_9156264
942 _hO152,2N01,DN, Q5
_cTEXL
_2CC
999 _c298257
_d298257